Irrigation practice and design : Diversion and distribution works, Vol 4 / (Record no. 1357)
[ view plain ]
| 000 -LEADER | |
|---|---|
| fixed length control field | 00573cam a2200205ua 4500 |
| 020 ## - INTERNATIONAL STANDARD BOOK NUMBER | |
| ISBN | 81-204-0477-7 |
| 041 ## - LANGUAGE CODE | |
| Language code of text/sound track or separate title | eng |
| 082 ## - DEWEY DECIMAL CLASSIFICATION NUMBER | |
| Classification number | 631.587 |
| Item number | KUS/IR |
| 100 ## - MAIN ENTRY--AUTHOR NAME | |
| Personal name | Kushalani, K.B . |
| 245 ## - TITLE STATEMENT | |
| Title | Irrigation practice and design : Diversion and distribution works, Vol 4 / |
| 250 ## - EDITION STATEMENT | |
| Edition statement | 1 / |
| 260 ## - PUBLICATION, DISTRIBUTION, ETC. (IMPRINT) | |
| Place of publication | : |
| Name of publisher | Oxford & IBH Publishing company , |
| Year of publication | 1990. |
| 300 ## - PHYSICAL DESCRIPTION | |
| Number of Pages | 570 ; . |
| 700 1# - ADDED ENTRY--PERSONAL NAME | |
| Personal name | Manohar, Kushalani . |
| 942 ## - ADDED ENTRY ELEMENTS (KOHA) | |
| Koha item type | Books |
| Withdrawn status | Lost status | Damaged status | Home library | Current library | Date acquired | Full call number | Accession Number | Koha item type |
|---|---|---|---|---|---|---|---|---|
| KAUAET | KAUAET | 07/04/2012 | 631.587 | 16997 | Books | |||
| KAUAET | KAUAET | 07/04/2012 | 631.587 | 18681 | Books |
